000 00735nam a2200229Ia 4500
003 GCL
008 140319s9999 xx 000 0 ara d
040 _aGCL /
_cGCL
082 0 4 _a792.015
_bك م
100 1 _aكمال عيد
245 1 0 _aالمسرح الاشتراكى (هديه من الآديب عبدالفتاح الجمل) /
_cكمال عيد
300 _a111
490 _aالمكتبة الثقافية
_v0
650 0 4 _aالادب
650 0 4 _aالاخراج المسرحى
650 0 4 _aالمسرح
650 0 4 _aنقد
650 0 4 _aالتمثيل فى المسرح
650 0 4 _aالجوانب الاخلاقية والدينية
650 0 4 _aالمسرحيات - تاريخ ونقد
942 _2ddc
_cBK
999 _c40351
_d40351